00325nam a2200121Ia 4500001000400000002003800004008003700042010001100079700003900090700003800129942001700167999001900184IA_INTRODUCCION A LA MECANICA DE FLUIDOS220117s xx 000 0 und d a179752 aMcDonald, Alan T., coaut. 9148151 aNagore Cázares, Gabriel9148152 c627 F69 1995 c179752d179752